000
00237nam a2200097Ia 4500
008
230907s9999||||xx |||||||||||||| ||und||
082
_a
5.43
_b
WAN
245
0
_a
Embedded and real-time operating systems /
300
_a
481 p.
942
_c
BK
999
_c
598421
_d
598421